Applied linguistics research: (Record no. 1678638)

MARC details
000 -LEADER
fixed length control field 00745 a2200229 4500
005 - DATE AND TIME OF LATEST TRANSACTION
control field 20260407160641.0
008 - FIXED-LENGTH DATA ELEMENTS--GENERAL INFORMATION
fixed length control field 260407b |||||||| |||| 00| 0 eng d
020 ## - INTERNATIONAL STANDARD BOOK NUMBER
International Standard Book Number 978-1-108-72786-0
037 ## - SOURCE OF ACQUISITION
Terms of availability TB
040 ## - CATALOGING SOURCE
Original cataloging agency CRL
Transcribing agency CRL
041 ## - LANGUAGE CODE
Source of code eng
Language code of text/sound track or separate title eng
084 ## - COLON CLASSIFICATION NUMBER
Classification number P:f R6
Assigning agency CRL
100 ## - MAIN ENTRY--PERSONAL NAME
Personal name Nassaji, Hossein
9 (RLIN) 1113640
245 ## - TITLE STATEMENT
Title Applied linguistics research:
Remainder of title a comprehensive guide to methodology, design, analysis, and evaluation
260 ## - PUBLICATION, DISTRIBUTION, ETC.
Place of publication, distribution, etc. New York, USA:
Name of publisher, distributor, etc. Cambridge University Press,
Date of publication, distribution, etc. 2026.
300 ## - PHYSICAL DESCRIPTION
Extent 797p.
365 ## - TRADE PRICE
Price amount 39.99
Currency code GBP
650 ## - SUBJECT ADDED ENTRY--TOPICAL TERM
Topical term or geographic name entry element Linguistics
650 ## - SUBJECT ADDED ENTRY--TOPICAL TERM
Topical term or geographic name entry element Research Methodology
942 ## - ADDED ENTRY ELEMENTS (KOHA)
Koha item type Textbook
Source of classification or shelving scheme Colon Classification (CC)
Classification part P:f R6
Holdings
Withdrawn status Lost status Source of classification or shelving scheme Damaged status Not for loan Home library Current library Date acquired Source of acquisition Cost, normal purchase price Inventory number Total Checkouts Full call number Barcode Date last seen Cost, replacement price Price effective from Koha item type
    Colon Classification (CC)     Central Library Central Library 2026-04-07 Bright Book Service 3959.01 2610 & 16/02/2026   P:f R6 CL1926416 2026-02-18 4948.76 2026-02-18 Textbook
Copyright @ Delhi University Library System